Onde as mulheres mais usam salto alto? - Statistics

Estatísticas Gerais
  • Esse quiz foi jogado 55 vezes
  • A pontuação média é 10 de 12
Estatísticas das Respostas
Hint Resposta % Correto
América do Norte Estados Unidos
100%
América do Sul Brasil
98%
América do Norte México
94%
Europa Espanha
92%
Europa França
92%
América do Sul Colômbia
91%
Ásia China
89%
Europa Itália
89%
Ásia Coréia do Sul
83%
Europa Rússia
75%
Ásia Tailândia
47%
Europa Ucrânia
47%
Nenhum quiz correspondente encontrado
Distribuição das Pontuações
Porcentagem de Pessoas com Cada Pontuação
Percentil de Números Respondidos
Sua Pontuação Histórica
Você não jogou esse quiz